Corporate Tax as a Direct Tool for Supporting the Public Sector in the Slovak Republic

Od roku 2002 je hlavným finančným zdrojom väčšiny neziskových organizácií na Slovensku daňové priradenie od fyzických a právnických osôb. Príspevok sa zameriava na vývoj a smerovanie daní na Slovensku. Medzi hlavné metódy výskumu patrí analýza a aplikácia hospodárskeho modelu.

Gespeichert in:
Bibliographische Detailangaben
1. Verfasser: Kušnírová, Jana, 1977-
Format: Buchkapitel
Sprache:Englisch
Schlagworte:
Tags: Tag hinzufügen
Keine Tags, Fügen Sie das erste Tag hinzu!

MARC

LEADER 00000naa a2200000 4500
001 0249151
005 20250924093506.4
041 0 |a eng 
044 |a GE 
245 1 0 |a Corporate Tax as a Direct Tool for Supporting the Public Sector in the Slovak Republic  |c Jana Kušnírová 
520 |a Od roku 2002 je hlavným finančným zdrojom väčšiny neziskových organizácií na Slovensku daňové priradenie od fyzických a právnických osôb. Príspevok sa zameriava na vývoj a smerovanie daní na Slovensku. Medzi hlavné metódy výskumu patrí analýza a aplikácia hospodárskeho modelu. 
610 2 0 |a organizácie neziskové 
610 2 0 |a financovanie 
610 2 0 |a dane 
610 2 0 |a osoby fyzické 
610 2 0 |a osoby právnické 
610 2 0 |a dane podnikové 
100 1 |a Kušnírová, Jana, 1977-